Statistics for NBA Teams Shaquille O'Neal has played on

Click here to take the quiz!

General Stats

  • This quiz has been taken 34,248 times
  • The average score is 5 of 6

Answer Stats

Year Team Name % Correct
1996-2004Los Angeles Lakers
99%
1992-1996Orlando Magic
95%
2004-2008Miami Heat
94%
2010-2011Boston Celtics
86%
2008-2009Phoenix Suns
79%
2009-2010Cleveland Cavaliers
77%

Score Distribution

Percentile by Number Answered

Percent of People with Each Score

Your Score History

You have not taken this quiz